00528nam a2200205Ia 450000500170000000800410001702000270005804000190008504100120010408200130011610000180012924500350014726000420018230000140022450400190023863000210025765000210027865100130029985000100031220210907132954.0131103s9999 xx 000 0 und d a81-7156-808-4cRs. 350 aLoreto College aEnglish a320bJAY aJayapalan, N. aPolitical theorycN. Jayapalan aNew DelhibAtlantic Publisherscc1999 av,200 p.  aIncludes index aPolitical Theory aPoliical Science aPolitics aLCLIB